The Manuscript Collection of Johann Theodor Roemhildt's Cantatas from the Polish Academy of Sciences Library in Gdańsk
| Titel: | The Manuscript Collection of Johann Theodor Roemhildt's Cantatas from the Polish Academy of Sciences Library in Gdańsk |
|---|---|
| Verfasser: | |
| In: |
Musikalische Beziehungen zwischen Mitteldeutschland und Danzig im 18. Jahrhundert, (2002), Seite 219-226, 5 Tab. alle Artikel anzeigen |
| Veröffentlicht: | 2002 |
| Format: | Aufsatz |
| Sprache: | Englisch |
X
alg: 39159939 001A $01999:11-11-16 001B $01999:15-05-21 $t21:00:23.000 001D $01999:11-11-16 001U $0utf8 001X $00 002@ $0Aox 003@ $0391599399 007A $0391599399 $aHEB 007T $0Herd42551 010@ $aeng 011@ $a2002 021A $aThe @Manuscript Collection of Johann Theodor Roemhildt's Cantatas from the Polish Academy of Sciences Library in Gdańsk 028A $7 $8Szlagowska, Danuta [Tnd] $9139083774 031A $h219-226, 5 Tab. $j2002 039B $aIn $8--Aau--. Musikalische Beziehungen zwischen Mitteldeutschland und Danzig im 18. Jahrhundert. - Sinzig : Studio-Verl., 2002. - 312 S.. - Ill., Notenbeisp.. - ISBN 3-89564-074-3 $x200200000000000781 $9104601892 045F $a307.094382 $eDDC23BSB 045F/01 $a307.09 045F/03 $g4382 045F/03 $g43832 lok: 39159939 78 exp: 39159939 78 1 #EPN 201B/01 $020-12-17 $t22:56:43.000 201U/01 $0utf8 203@/01 $0787693723 208@/01 $a11-11-16 $be 209A/01 $a/ $f000 $x00 220C/01 $aTitelaufnehmer: ej;pg 244Z/01 $2Trx $#Prusy Wschodnie i Zachodnie $8--Trx--Ost- und Westpreußen $x01 $939113373X 244Z/01 $#Danzig $#Ville Libre de Danzig $#Dantzig $#Ville Libre de Dantzig $#Freistaat Danzig $#Gdańsk $#Freie Stadt Danzig $#Urząd Miejski w Gdańsku $#Gyddanzyc $#Gedanum $#Dantiscum $74011039-4 $8--Tg1--Danzig $x02 $9085022225 244Z/01 $#Roehmhild, Johann Theoderich $#Römhildt, Theodorich $#Roehmhildt, Johann Theodor $#Roemhildt, Johannes Theodor $#Mielorth, Johann Theodor $#Römhild, Johann Theoderich $#Roemhildt, Johann Theodor $#Roemhildt, Johann Theodorich $#Roemhildt, Theodorich $#Römhild, Johann Theodosius $#Römhild, Johann Dietrich $7104245468 $8--Tp1--Römhild, Johann Theodor$Z1684-1756 $x03 $9091719763 244Z/01 $2Trx $#heliloojad $#kompozitoriai $#composers $#zeneszerzök $#kompozytorzy $#skladatelia $#skladatelé $8--Trx--Komponisten $x04 $9391353837 244Z/01 $2Trx $#varaloend $#inventoriai $#inventories $#készletállomány jegyzék $#inwentarze $#zoznamy $#seznamy $#Inventare $#Findbücher $#księgi metrykalne $#inventáře $8--Trx--Bestandsverzeichnisse $x05 $9391370251 244Z/01 $2Trx $#kogud $#kolekcijos $#Collections $#gyüjtemények $#zbiory $#zbierky $#sbírky $#Kunstsammlungen $#umelecké zbierky $8--Trx--Sammlungen $x06 $9391383078 244Z/01 $2Trx $8--Trx--Einzelbeiträge $x07 $9391384570 245Z/01 $a13.03 $x01 245Z/01 $a11.09 $x02 247C/01 $82080>Marburg/Lahn, Herder-Institut, Forschungsbibliothek, Bibliographieportal $9336309341
| LEADER | 00000caa a22000002c 4500 | ||
|---|---|---|---|
| 001 | 391599399 | ||
| 003 | DE-603 | ||
| 005 | 20210515210023.0 | ||
| 007 | tu | ||
| 008 | 161111s2002 xx |||| | u00||u|eng c | ||
| 035 | |a (DE-599)HEB391599399 | ||
| 040 | |a DE-603 |b ger |c DE-603 |d DE-603 | ||
| 041 | |a eng | ||
| 082 | 0 | 4 | |8 1\u |a 307.094382 |q DE-101 |2 23/BSB |
| 085 | |8 1\u |b 307.09 | ||
| 085 | |8 1\u |z 2 |s 4382 | ||
| 085 | |8 1\u |z 2 |s 43832 | ||
| 100 | 1 | |a Szlagowska, Danuta |0 (DE-603)139083774 | |
| 245 | 0 | 0 | |a The Manuscript Collection of Johann Theodor Roemhildt's Cantatas from the Polish Academy of Sciences Library in Gdańsk |
| 264 | 0 | |c 2002 | |
| 773 | 0 | 8 | |i In |t Musikalische Beziehungen zwischen Mitteldeutschland und Danzig im 18. Jahrhundert |d Sinzig : Studio-Verl., 2002 |h 312 S., Ill., Notenbeisp. |z 3895640743 |g (2002), Seite 219-226, 5 Tab. |w (DE-603)104601892 |
| 924 | 0 | |9 2080 |a (DE-603)787693723 |b DE-2080 |c HES |d d |g / | |


